000 00440nam a2200169Ia 4500
008 191130s2003##################000#0#eng##
020 _a406965358
040 _aACL
_cACL
082 _a348.4204 THE
245 _aThe all England law reports 2003
260 _aLondon
_bButterworth & Co
_c2003
300 _a944 p.; 23 cm
650 _aLaw- Reports
990 _a0cde4eccac10000c4a80cc5ccfdb2e36
991 _a393124
999 _c300816
_d300816